Nederlandse gemeenten die beginnen met een V - Statistieken

Algemene statistieken
  • Deze quiz is 57 keer genomen
  • De gemiddelde score is 13 van 19
Antwoordstatistieken
Nr. Antwoord % Correct
1 Vaals
96%
13 Vlieland
92%
14 Vlissingen
92%
12 Vlaardingen
83%
6 Veere
79%
5 Veenendaal
75%
4 Veendam
71%
8 Velsen
71%
11 Vijfheerenlanden
71%
15 Voerendaal
71%
17 Voorschoten
71%
7 Veldhoven
67%
19 Vught
67%
9 Venlo
63%
18 Voorst
63%
2 Valkenburg aan de Geul
46%
3 Valkenswaard
46%
10 Venray
46%
16 Voorne aan Zee
25%
Geen overeenkomende quizzen gevonden
Scoreverdeling
Procent van Mensen met Elke Score
Percentiel versus Aantal Correcte Antwoorden
Uw Scoregeschiedenis
U heeft deze quiz nog niet genomen